000 00988nam a2200253Ia 4500
003 CO-CtgCURN
005 20250407215600.0
008 190723s9999 xx 000 0 und d
020 _a9586535339
040 _aCO-CtgCURN
_bspa
_ccoctgcurn
082 _a345.11
_bG212j
100 _aGarapon, Antoine
245 0 _aJuzgar en Estados Unidos y en Francia :
_bcultura juridica francesa y Common law /
_cAntoine Garapon y Ioannis Papadopoulos, traducción., Viviana Diaz Perilla
260 _aBogotá, Colombia :
_bLegis,
_c2006
300 _a314 páginas ;
_c24 centímetros
521 _aAREA PROFESIONAL
590 _aPrograma de Derecho_18
650 _aPrueba (Derecho)
_xPrueba (Derecho)
650 _aPrueba (Derecho)
_zFrancia
942 _cBK
_h345.11
_iG212j
_2ddc
_n0
999 _c28975
_d28975